00289nam a2200109 4500020001500000082001200015100002200027245005100049260003500100300000800135650003600143 a0935702539 a546 ANG aAngelici Robert.J aSynthesis and Technique in Inorganic Chemistry aCaliforniabUniversity science a237 aChemistryaIncorganic Chemistry